Leyes aduanales y de comercio exterior 2011

Detalles Bibliográficos
Autor principal: Fol Olguin, Raymundo
Otros Autores: Přez Chv̀ez, Još
Formato: eBook
Lenguaje:español
Publicado: Mx̌ico: Tax Editores, 2011.
Materias:
Acceso en línea:Acceso restringido

MARC

LEADER 00000nam a22000007a 4500
005 20110831131947.0
008 110831t2011 mx ||||s|||| 00| 0 spa d
020 |a 978-607-440-228-5  
035 |a 5554 
040 |a vLex 
090 |c 2321  |d 2321 
100 1 |a Fol Olguin, Raymundo 
245 1 0 |a Leyes aduanales y de comercio exterior 2011  |c Raymundo Fol Olguin, Jos ̌Přez Chv̀ez  |h [Recurso electrn̤ico] / 
256 |a Servicio en ln̕ea. 
260 |a Mx̌ico:  |b Tax Editores,  |c 2011. 
500 |a La presente edicin̤ contiene las disposiciones Aduanales y de Comercio Exterior dadas a conocer hasta el 31 de diciembre de 2010.  
506 1 |a Contenido solo disponible en los productos indicados  |d vLex Global  |d vLex Global (Academic Edition, excluding Law Schools)  |d vLex Global (U.S. Academic Edition, Law Schools)  |d vLex Global (U.S. Academic Edition, excluding Law Schools)  |d vLex Global (Academic Edition, Law Schools) 
650 0 4 |a Aduanas  |x Legislacin̤  |z Mx̌ico 
651 4 |a Mx̌ico  |x Comercio 
700 1 |a Přez Chv̀ez, Još 
740 0 |a vLex Libros (Servicio en ln̕ea) 
856 4 0 |u http://vlex.com/source/leyes-aduanales-comercio-exterior-5554  |z Acceso restringido 
942 |c BOOK